Composite concrete bridge girders. Long-term behaviour and behaviour under service load : Edícia vedeckých prác,Zošit č. 38

Enregistré dans:
Détails bibliographiques
Auteur principal: Borzovič, Viktor, 1978- (Auteur)
Format: Livre
Langue:anglais
Publié: Bratislava : STU v Bratislave, 2007
Collection:Edícia vedeckých prác Zošit č.38
Tags: Ajouter un tag
Pas de tags, Soyez le premier à ajouter un tag!

MARC

LEADER 00000nam a22000003a 4500
001 stu139590
005 20221209143056.2
008 070402s2007----xo------------------eng-d
020 |a 978-80-227-2592-7 
040 |a STU  |b slo 
041 0 |a eng 
044 |a xo 
080 |a 624.21.012.3  |7 stu_us_auth*stu3565 
100 1 |a Borzovič, Viktor,  |d 1978-  |4 aut  |u V110  |9 100  |U SvF Stavebná fakulta  |T SvF Katedra betónových konštrukcií a mostov  |X 3688  |U V110  |Y 11  |7 A000003688 
242 0 0 |a Spriahnuté betónové nosníky. Pôsobenie pri dlhodobom a úžitkovom zaťažení  |y slo 
245 1 |a Composite concrete bridge girders. Long-term behaviour and behaviour under service load :  |b Edícia vedeckých prác,Zošit č. 38 
260 |a Bratislava :  |b STU v Bratislave,  |c 2007 
300 |a 140 s.;obr.,schémy 
830 0 |a Edícia vedeckých prác  |v Zošit č.38 
996 |b 284V017902  |c V*2382/DP-719  |l VVS  |s P  |a 0  |w stu139590_0001